Mystery Taylor Swift Song #65 - Statistics

General Stats
  • This quiz has been taken 341 times
  • The average score is 57 of 108
Answer Stats
Song % Correct
I
94%
you?
94%
you
94%
a
93%
Lover
90%
The
89%
me
85%
so
85%
to?
84%
to
84%
it
83%
And
81%
we
81%
in
79%
do
78%
my
76%
who
75%
you'll
74%
But
73%
get
73%
What
73%
If
72%
no
72%
of
72%
were
72%
better
71%
soon
71%
That
71%
when
70%
all
69%
go
69%
have
68%
It's
68%
there
68%
ever
67%
Ooh
67%
I'll
66%
'Cause
65%
this
65%
know
64%
was
64%
am
63%
too
63%
like
62%
say
62%
time
59%
Soon You'll Get Better
58%
not
57%
now
53%
first
52%
there's
52%
day
51%
see
51%
just
50%
talk
50%
ah
49%
didn't
49%
night
49%
about
48%
supposed
48%
make
47%
up
46%
never
45%
tell
44%
back
43%
been
43%
won't
42%
hate
39%
pray
39%
best
38%
bottles
35%
orange
35%
scared
35%
because
34%
buttons
34%
hair
34%
isn't
34%
Jesus
34%
bad
33%
coat
33%
each
33%
people
33%
tangled
33%
try
33%
doctor's
32%
find
32%
Holy
32%
office
32%
real
31%
normal
30%
Desperate
29%
faith
29%
deal
28%
lighting
28%
mirror
27%
nurses
27%
neon
26%
nicer
26%
sky
26%
keep
25%
paint
25%
saying
25%
kitchen
24%
pretend
24%
brighten
23%
years
23%
delusion
21%
hoping
21%
No matching quizzes found
Score Distribution
Percent of People with Each Score
Percentile by Number Answered
Your Score History
You have not taken this quiz